Príručka INCOTERMS 1990
Na minha lista:
| Outros Autores: | |
|---|---|
| Formato: | Livro |
| Idioma: | eslovaco |
| Publicado em: |
Bratislava
Slovenská obchodná a priemyselná komora
1994
|
| Edição: | 1. vyd. |
| Assuntos: | |
| Tags: |
Sem tags, seja o primeiro a adicionar uma tag!
|
MARC
| LEADER | 00000nam a2200000 4500 | ||
|---|---|---|---|
| 001 | c009407 | ||
| 005 | 20230117085215.0 | ||
| 020 | |a 80-85588-24-2 | ||
| 041 | 0 | |a slo | |
| 044 | |a SK | ||
| 245 | 1 | 0 | |a Príručka INCOTERMS 1990 |c [Z angl. prel.] Gabriela Zelinková |
| 250 | |a 1. vyd. | ||
| 264 | 1 | |a Bratislava |b Slovenská obchodná a priemyselná komora |c 1994 | |
| 300 | |a 161 s. | ||
| 610 | 2 | 0 | |a obchod medzinárodný |
| 610 | 2 | 0 | |a operácie obchodné |
| 700 | 1 | |a Zelinková, Gabriela | |